| 000 | 00376nam a22001337a 4500 | ||
|---|---|---|---|
| 082 |
_aT-28 _cThesis |
||
| 100 |
_aAli, Liaqat _925889 |
||
| 245 | _aDynamic behavior of soils partially grouted by a foaming process | ||
| 260 |
_aMichigan, _bUniversity of Michigan, _c1992. |
||
| 300 |
_a238p. _bill. _c28 cm. |
||
| 500 | _aThesis | ||
| 526 |
_a0 _b0 _c0 _dT_28 |
||
| 942 |
_2ddc _cBK |
||
| 999 |
_c552444 _d552444 |
||